[Event "BayJEM19 - U10w"]
[Site "?"]
[Date "2019.04.22"]
[Round "1.1"]
[White "Huber, Laura"]
[Black "Klonov, Sofia"]
[Result "0-1"]
[WhiteElo "940"]
[BlackElo "1117"]
[PlyCount "106"]
[EventDate "2019.??.??"]
[WhiteTeam "FC Ergolding 1932 e.V."]
[BlackTeam "Schachklub München Südost e.V."]

1. d4 Nf6 2. Nf3 g6 3. e3 Bg7 4. Bd3 d5 5. Nbd2 Nc6 6. a3 O-O 7. O-O Bg4 8. h3
Be6 9. b3 a5 10. Bb2 Qd6 11. Ne5 Rfd8 12. Re1 Bh6 13. e4 dxe4 14. Bxe4 Nxd4 15.
Bxb7 Rab8 16. Bf3 Bf4 17. Nec4 Qd7 18. Bc3 Bf5 19. Rc1 a4 20. Bb4 Nc6 21. Bxc6
Qxc6 22. Bxe7 Re8 23. Bxf6 Qxf6 24. Rxe8+ Rxe8 25. Qf3 Qd4 26. Rd1 Bxc2 27. Rf1
Bxd2 28. Nxd2 Qxd2 29. g3 Qe2 30. Qxe2 Rxe2 31. bxa4 Bxa4 32. Rc1 Rc2 33. Re1
Rc6 34. Re4 Rc1+ 35. Kg2 Bc2 36. Rc4 c5 37. a4 Be4+ 38. f3 Bxf3+ 39. Kxf3 Rxc4
40. a5 Ra4 41. a6 Rxa6 42. Ke4 Rd6 43. Ke5 Rd7 44. h4 c4 45. g4 c3 46. h5 gxh5
47. gxh5 c2 48. h6 c1=Q 49. Ke4 Qe1+ 50. Kf5 Rd2 51. Kf4 Rf2+ 52. Kg3 Qg1+ 53.
Kh3 Rh2# 0-1

[Event "BayJEM19 - U10w"]
[Site "?"]
[Date "2019.04.22"]
[Round "1.2"]
[White "Bauer, Laura Sophie"]
[Black "Jannicke, Svea"]
[Result "1-0"]
[WhiteElo "1073"]
[BlackElo "876"]
[PlyCount "77"]
[EventDate "2019.??.??"]
[WhiteTeam "SK Neumarkt"]
[BlackTeam "SC Wolfratshausen 1948 e.V."]

1. e4 e6 2. d3 g6 3. Nc3 Bg7 4. Bd2 d6 5. g3 Ne7 6. Bg2 b6 7. Nf3 Bb7 8. Qe2
Nd7 9. d4 e5 10. Be3 c5 11. d5 Qc7 12. Nb5 Qc8 13. Nxd6+ Kd8 14. Nxc8 Rxc8 15.
c4 Nf6 16. Nxe5 Rf8 17. f4 Nd7 18. Nxd7 Kxd7 19. Bh3+ f5 20. g4 Rb8 21. gxf5
gxf5 22. exf5 Nxf5 23. Qh5 Rbe8 24. Bxf5+ Kd6 25. Kf2 Rh8 26. Bxh7 Kc7 27. Qf7+
Kb8 28. Qxg7 a5 29. Be4 Rhg8 30. Qxg8 Rxg8 31. Rhg1 Re8 32. Bg6 Re4 33. Bxe4
Ka7 34. Rg7 Ka6 35. d6 Bxe4 36. d7 Bb7 37. d8=Q Bc6 38. Qb8 b5 39. Ra7# 1-0

[Event "BayJEM19 - U10w"]
[Site "?"]
[Date "2019.04.22"]
[Round "1.3"]
[White "Frenkel, Alexandra"]
[Black "Flierl, Veronika"]
[Result "0-1"]
[WhiteElo "866"]
[BlackElo "1060"]
[PlyCount "162"]
[EventDate "2019.??.??"]
[WhiteTeam "Schach-Club Vaterstetten-Grasbru"]
[BlackTeam "SC Tarrasch 45 München"]

1. e4 e5 2. Nf3 Nc6 3. Nc3 Nf6 4. g3 Bc5 5. Bg2 d6 6. d3 Bg4 7. O-O h6 8. h3
Bxf3 9. Bxf3 O-O 10. Na4 b6 11. Nxc5 bxc5 12. Bg2 Rb8 13. f4 exf4 14. gxf4 Qe7
15. Re1 Rfe8 16. e5 dxe5 17. fxe5 Nxe5 18. Bc6 Red8 19. Bf4 Qe6 20. Bg2 Qf5 21.
Bxe5 Rd7 22. Bxf6 Qxf6 23. Qf3 Qxb2 24. Qc6 Qd4+ 25. Kh1 Kf8 26. Rab1 Rc8 27.
Qe4 Qc3 28. h4 Qxc2 29. Bh3 Rdd8 30. Bxc8 Rxc8 31. Rf1 Re8 32. Qc4 Qxc4 33.
dxc4 Kg8 34. Rbe1 Rb8 35. Re7 Rf8 36. Rxc7 a5 37. a4 Kh7 38. Rfxf7 Re8 39. Rxc5
Re1+ 40. Kg2 Re2+ 41. Kf3 Rc2 42. Rfc7 Rc3+ 43. Ke4 Rh3 44. Rxa5 Rxh4+ 45. Ke5
Rh5+ 46. Kd6 Rxa5 47. c5 h5 48. Rf7 h4 49. Rf3 Ra6+ 50. c6 g5 51. Rh3 Kh6 52.
Kd7 Rxa4 53. Rd3 Kh5 54. c7 Rc4 55. c8=Q Rxc8 56. Kxc8 g4 57. Rd5+ Kg6 58. Kd7
h3 59. Rd3 h2 60. Rd6+ Kg5 61. Rd5+ Kf4 62. Rd4+ Kg3 63. Rd3+ Kh4 64. Rd1 g3
65. Rd6 Kh3 66. Rh6+ Kg2 67. Rxh2+ gxh2 68. Ke6 h1=Q 69. Ke5 Qh4 70. Kd5 Qf4
71. Kc5 Qe4 72. Kb5 Qd4 73. Ka5 Qc4 74. Kb6 Qd5 75. Ka7 Qc6 76. Kb8 Kf3 77. Ka7
Ke4 78. Kb8 Qd7 79. Ka8 Kd5 80. Kb8 Kc6 81. Ka8 Qb7# 0-1

[Event "BayJEM19 - U10w"]
[Site "?"]
[Date "2019.04.23"]
[Round "2.1"]
[White "Klonov, Sofia"]
[Black "Hergenröder, Cora"]
[Result "0-1"]
[WhiteElo "1117"]
[BlackElo "1057"]
[PlyCount "92"]
[EventDate "2019.??.??"]
[WhiteTeam "Schachklub München Südost e.V."]
[BlackTeam "SC 1868 Bamberg"]

1. e4 c5 2. d4 e6 3. Nf3 Nc6 4. c3 Nf6 5. e5 Ne4 6. Bd3 d5 7. O-O b6 8. Re1 f5
9. Bb5 Bd7 10. Nbd2 Nxd2 11. Bxd2 Be7 12. Qc1 O-O 13. Bg5 Bxg5 14. Nxg5 Qe8 15.
Qf4 cxd4 16. cxd4 Nb4 17. Bxd7 Qxd7 18. Rac1 Rac8 19. Rxc8 Rxc8 20. Qh4 h6 21.
Nf3 Nxa2 22. h3 Nb4 23. Qh5 Rc2 24. b3 Rb2 25. Qg6 Rxb3 26. Nd2 Rd3 27. Rb1 Nc2
28. Nf3 Nxd4 29. Rc1 Nxf3+ 30. gxf3 Rxf3 31. Kg2 Rf4 32. Qg3 Re4 33. Qc3 d4 34.
Qd3 Qd5 35. Qd1 Re1+ 36. Qf3 Rxc1 37. Qxd5 exd5 38. e6 d3 39. e7 Kf7 40. e8=Q+
Kxe8 41. Kg3 d2 42. Kf4 d1=Q 43. Ke5 Rc4 44. f4 Qe2+ 45. Kd6 Rc5 46. h4 Qe7#
0-1

[Event "BayJEM19 - U10w"]
[Site "?"]
[Date "2019.04.23"]
[Round "2.2"]
[White "Semenchenko, Simona"]
[Black "Bauer, Laura Sophie"]
[Result "0-1"]
[WhiteElo "990"]
[BlackElo "1073"]
[PlyCount "78"]
[EventDate "2019.??.??"]
[WhiteTeam "SC Tarrasch 45 München"]
[BlackTeam "SK Neumarkt"]

1. e4 c5 2. Nf3 e6 3. Bc4 d5 4. exd5 exd5 5. Be2 Nf6 6. O-O Bd6 7. Re1 O-O 8.
d3 Re8 9. Bg5 h6 10. Bxf6 Qxf6 11. Nc3 Be6 12. Bf1 Nc6 13. Re2 d4 14. Nb5 Bg4
15. Rxe8+ Rxe8 16. Nxd6 Qxd6 17. h3 Bxf3 18. Qxf3 Qf6 19. Qxf6 gxf6 20. g3 Kh8
21. Kh1 Rg8 22. Bg2 Nd8 23. Rg1 h5 24. h4 f5 25. Bd5 b6 26. c4 Rg7 27. Re1 a5
28. a4 Kh7 29. Re7 f6 30. Re8 Nf7 31. Re7 Ne5 32. Rxg7+ Kxg7 33. Be6 Kg6 34. f4
Nxd3 35. b3 Nb2 36. Bd7 d3 37. Be8+ Kh6 38. Bd7 d2 39. Bxf5 d1=Q+ 0-1

[Event "BayJEM19 - U10w"]
[Site "?"]
[Date "2019.04.23"]
[Round "2.4"]
[White "Krause, Laura Kristin"]
[Black "Frenkel, Alexandra"]
[Result "0-1"]
[WhiteElo "1034"]
[BlackElo "866"]
[PlyCount "62"]
[EventDate "2019.??.??"]
[WhiteTeam "SC Erlangen 48/88"]
[BlackTeam "Schach-Club Vaterstetten-Grasbru"]

1. e4 c5 2. Nf3 Nc6 3. Bc4 e5 4. Nc3 Nf6 5. d3 d6 6. h3 g6 7. Bg5 h6 8. Be3 Bg7
9. O-O O-O 10. Qd2 Na5 11. Bxh6 Nxc4 12. dxc4 Kh7 13. Bxg7 Kxg7 14. Rfe1 Be6
15. b3 a6 16. Nd5 b5 17. Ng5 Bxd5 18. cxd5 a5 19. Qe3 Nh7 20. Nxh7 Kxh7 21. Qg3
Kg7 22. c4 bxc4 23. bxc4 Rb8 24. Rab1 Qd7 25. Rxb8 Rxb8 26. Qa3 f5 27. Qxa5
fxe4 28. Rxe4 Qf5 29. Re1 Rb2 30. Ra1 Qxf2+ 31. Kh1 Qxg2# 0-1

[Event "BayJEM19 - U10w"]
[Site "?"]
[Date "2019.04.23"]
[Round "3.1"]
[White "Bauer, Laura Sophie"]
[Black "Hergenröder, Cora"]
[Result "1-0"]
[WhiteElo "1073"]
[BlackElo "1057"]
[PlyCount "151"]
[EventDate "2019.??.??"]
[WhiteTeam "SK Neumarkt"]
[BlackTeam "SC 1868 Bamberg"]

1. e4 c5 2. Nf3 Nf6 3. Nc3 Nc6 4. d4 e6 5. Bg5 Be7 6. h3 d5 7. Bxf6 Bxf6 8. e5
Be7 9. Bb5 Bd7 10. Bxc6 Bxc6 11. Qd2 O-O 12. h4 cxd4 13. Qxd4 b6 14. b4 a5 15.
b5 Bc5 16. Qd3 Bd7 17. a3 Qe7 18. Ne2 Qe8 19. a4 Rc8 20. Ng5 g6 21. h5 Be7 22.
f4 Bxg5 23. fxg5 Qe7 24. hxg6 fxg6 25. Qd2 Rf5 26. Qe3 Rxg5 27. Qxb6 Qb4+ 28.
Kd1 Rxe5 29. Re1 Qc4 30. Nd4 Re4 31. Rxe4 dxe4 32. Qd6 Be8 33. Qxe6+ Qxe6 34.
Nxe6 Bf7 35. Ng5 e3 36. Nxf7 Kxf7 37. Rc1 Re8 38. Ke2 g5 39. c4 g4 40. c5 Ke7
41. Rd1 Rc8 42. Rc1 h5 43. Kxe3 Ke6 44. c6 Kd6 45. Kd4 h4 46. Rg1 Rc7 47. g3 h3
48. Rh1 Rc8 49. Rd1 Rd8 50. Kc4+ Kc7 51. b6+ Kc8 52. b7+ Kc7 53. Rxd8 Kxd8 54.
b8=R+ Kc7 55. Rh8 Kxc6 56. Rh5 Kb6 57. Kd4 Kc6 58. Ke4 Kd6 59. Kf4 Ke6 60. Kxg4
Kd6 61. Kxh3 Ke6 62. Kg4 Kd6 63. Kf4 Ke6 64. Rxa5 Kd6 65. g4 Ke6 66. Rb5 Kd6
67. g5 Ke6 68. a5 Kd6 69. a6 Kc6 70. Rb1 Kd6 71. a7 Ke6 72. a8=R Kd7 73. Rb6
Kc7 74. Rg6 Kd7 75. Ra7+ Ke8 76. Rg8# 1-0

[Event "BayJEM19 - U10w"]
[Site "?"]
[Date "2019.04.23"]
[Round "3.4"]
[White "Frenkel, Alexandra"]
[Black "Semenchenko, Simona"]
[Result "0-1"]
[WhiteElo "866"]
[BlackElo "990"]
[PlyCount "58"]
[EventDate "2019.??.??"]
[WhiteTeam "Schach-Club Vaterstetten-Grasbru"]
[BlackTeam "SC Tarrasch 45 München"]

1. e4 e6 2. d3 d5 3. Nf3 Bb4+ 4. Nc3 Nf6 5. g3 O-O 6. Bg2 Bd7 7. O-O Nc6 8. Bg5
h6 9. Bf4 Re8 10. Bc1 e5 11. b3 Bxc3 12. Rb1 Bb4 13. Bb2 Bc5 14. h3 a5 15. Kh2
b5 16. Nh4 g5 17. Nf3 a4 18. Bc3 d4 19. Ba1 axb3 20. cxb3 Rxa2 21. b4 Bd6 22.
Nd2 Nxb4 23. f4 exf4 24. gxf4 Nxd3 25. e5 Nxf4 26. Bf3 Bxe5 27. Qb3 Rxd2+ 28.
Kg1 Nxh3+ 29. Kh1 Rh2# 0-1

[Event "BayJEM19 - U10w"]
[Site "?"]
[Date "2019.04.23"]
[Round "3.5"]
[White "Krause, Laura Kristin"]
[Black "Jannicke, Svea"]
[Result "0-1"]
[WhiteElo "1034"]
[BlackElo "876"]
[PlyCount "124"]
[EventDate "2019.??.??"]
[WhiteTeam "SC Erlangen 48/88"]
[BlackTeam "SC Wolfratshausen 1948 e.V."]

1. e4 c5 2. Nf3 d6 3. Bc4 e6 4. Nc3 Nf6 5. d3 g6 6. O-O Bg7 7. Bg5 Nbd7 8. h3
O-O 9. Re1 b6 10. a3 Bb7 11. b4 Qc7 12. d4 cxd4 13. Nxd4 Qxc4 14. Qd2 a6 15.
Nf3 d5 16. exd5 exd5 17. Qd3 Qxd3 18. cxd3 Rfe8 19. d4 Rac8 20. Rac1 Rxe1+ 21.
Nxe1 Ne4 22. Nxe4 Rxc1 23. Bxc1 dxe4 24. Be3 f5 25. g3 Kf7 26. a4 b5 27. axb5
axb5 28. Nc2 Ke6 29. Na3 Bc6 30. f4 exf3 31. Kf2 Be4 32. Nxb5 Nb8 33. Nc7+ Kd6
34. Ne8+ Kd5 35. Nxg7 Kc4 36. Ne8 Kxb4 37. Nf6 h5 38. Nxe4 fxe4 39. Ke1 Kc4 40.
Kd2 Nc6 41. Bf4 Nxd4 42. Ke3 Kd5 43. g4 hxg4 44. hxg4 Ne6 45. Bg3 g5 46. Kd2
Nf4 47. Ke3 Ke5 48. Kf2 Kd4 49. Kg1 e3 50. Kf1 Kd3 51. Be1 Ng2 52. Ba5 e2+ 53.
Kf2 e1=Q+ 54. Bxe1 Nxe1 55. Kxe1 Ke3 56. Kf1 f2 57. Kg2 Ke2 58. Kh2 f1=Q 59.
Kg3 Qf3+ 60. Kh2 Qxg4 61. Kh1 Kf2 62. Kh2 Qg2# 0-1

[Event "BayJEM19 - U10w"]
[Site "?"]
[Date "2019.04.24"]
[Round "4.2"]
[White "Hergenröder, Cora"]
[Black "Huber, Laura"]
[Result "1-0"]
[WhiteElo "1057"]
[BlackElo "940"]
[PlyCount "143"]
[EventDate "2019.??.??"]
[WhiteTeam "SC 1868 Bamberg"]
[BlackTeam "FC Ergolding 1932 e.V."]

1. e4 e5 2. Nf3 Nc6 3. Nc3 Bc5 4. d3 d6 5. g3 Bg4 6. Bg2 Nd4 7. Be3 c6 8. Bxd4
Bxd4 9. O-O d5 10. Qe1 Bxf3 11. Bxf3 Qf6 12. Bg2 Ne7 13. exd5 Bxc3 14. Qxc3
cxd5 15. Qb3 Qd6 16. Qxb7 O-O 17. Qb3 Rab8 18. Qa3 Qxa3 19. bxa3 d4 20. Rab1
Rxb1 21. Rxb1 g6 22. Rb7 Nf5 23. Rxa7 Kg7 24. Rb7 Rc8 25. Rb2 Rc3 26. a4 Ra3
27. Bc6 Rc3 28. Bb5 Rc7 29. g4 Ne7 30. a5 Nc6 31. a6 Na7 32. a4 Kf6 33. Bc4 Rc8
34. Rb7 Nc6 35. a7 Ra8 36. Rb6 Rxa7 37. Rxc6+ Kg7 38. Bb5 Kf8 39. Rc5 f6 40. g5
fxg5 41. Rxe5 Kf7 42. Rxg5 Kf6 43. Rd5 h6 44. Rxd4 h5 45. c4 Ke5 46. Re4+ Kf5
47. c5 g5 48. c6 h4 49. h3 Rc7 50. a5 Ra7 51. Rd4 Ke5 52. Rd7 Rxd7 53. cxd7 Kf4
54. d8=R g4 55. hxg4 Kxg4 56. Rf8 h3 57. Kh2 Kg5 58. Kxh3 Kg6 59. Kg4 Kg7 60.
Rf5 Kg6 61. Kf4 Kg7 62. Ke5 Kg6 63. Ke6 Kg7 64. Rf3 Kg8 65. Ke7 Kh7 66. Rg3 Kh6
67. Kf6 Kh5 68. Kf5 Kh6 69. Ba4 Kh7 70. Kf6 Kh8 71. Kf7 Kh7 72. Rh3# 1-0

[Event "BayJEM19 - U10w"]
[Site "?"]
[Date "2019.04.24"]
[Round "4.3"]
[White "Jannicke, Svea"]
[Black "Semenchenko, Simona"]
[Result "1-0"]
[WhiteElo "876"]
[BlackElo "990"]
[PlyCount "49"]
[EventDate "2019.??.??"]
[WhiteTeam "SC Wolfratshausen 1948 e.V."]
[BlackTeam "SC Tarrasch 45 München"]

1. d4 d6 2. Bf4 e5 3. dxe5 dxe5 4. Qxd8+ Kxd8 5. Bxe5 Bb4+ 6. c3 Be7 7. e4 Nc6
8. Bxg7 Bf6 9. Bxh8 Bxh8 10. Nd2 Bg4 11. Ngf3 Kd7 12. Rd1 Rd8 13. Nc4+ Kc8 14.
Rxd8+ Nxd8 15. Nfe5 Be6 16. Bd3 Nf6 17. O-O Nc6 18. Nxc6 bxc6 19. a4 Bxc4 20.
Bxc4 Nxe4 21. Rd1 f5 22. f3 Ng5 23. Re1 c5 24. Re8+ Kd7 25. Rxh8 1-0

[Event "BayJEM19 - U10w"]
[Site "?"]
[Date "2019.04.24"]
[Round "4.4"]
[White "Klonov, Sofia"]
[Black "Frenkel, Alexandra"]
[Result "1-0"]
[WhiteElo "1117"]
[BlackElo "866"]
[PlyCount "109"]
[EventDate "2019.??.??"]
[WhiteTeam "Schachklub München Südost e.V."]
[BlackTeam "Schach-Club Vaterstetten-Grasbru"]

1. e4 b6 2. d4 e6 3. Bd3 Nc6 4. Nf3 Nf6 5. O-O Bb7 6. Nc3 d5 7. exd5 exd5 8.
Re1+ Be7 9. Bg5 h6 10. Bxf6 gxf6 11. Re2 Qd7 12. Qe1 Rg8 13. Bb5 a6 14. Bxc6
Bxc6 15. Rd1 a5 16. a3 O-O-O 17. Rxe7 Qg4 18. g3 Qxf3 19. Rxf7 f5 20. Qe6+ Bd7
21. Qxd5 Bc6 22. Qxf5+ Kb8 23. Qxf3 Bxf3 24. Rd3 Bh5 25. Re7 Bg4 26. Ne2 Rge8
27. Rxe8 Rxe8 28. Nf4 Bf5 29. Re3 Rd8 30. c3 Bd7 31. b4 a4 32. h4 Re8 33. Rxe8+
Bxe8 34. g4 b5 35. g5 hxg5 36. hxg5 c6 37. g6 Bxg6 38. Nxg6 Kc7 39. Ne5 Kd6 40.
f3 c5 41. bxc5+ Kd5 42. c6 b4 43. cxb4 Kxd4 44. c7 Kxe5 45. c8=Q Kd4 46. Qc5+
Kd3 47. b5 Ke2 48. b6 Kxf3 49. b7 Ke4 50. b8=Q Kd3 51. Qd8+ Ke4 52. Qce7+ Kf4
53. Qdf8+ Kg4 54. Qeg7+ Kh4 55. Qfh8# 1-0

[Event "BayJEM19 - U10w"]
[Site "?"]
[Date "2019.04.25"]
[Round "5.2"]
[White "Bauer, Laura Sophie"]
[Black "Huber, Laura"]
[Result "1-0"]
[WhiteElo "1073"]
[BlackElo "940"]
[PlyCount "73"]
[EventDate "2019.??.??"]
[WhiteTeam "SK Neumarkt"]
[BlackTeam "FC Ergolding 1932 e.V."]

1. e4 e5 2. Nf3 Nc6 3. Bb5 a6 4. Ba4 Nf6 5. O-O b5 6. Bb3 d6 7. h3 Nxe4 8. d4
Qe7 9. Re1 Nf6 10. dxe5 dxe5 11. Nxe5 Nd8 12. Nc6 Nxc6 13. Rxe7+ Bxe7 14. c3
O-O 15. Qf3 Bb7 16. Bc2 Rab8 17. Be4 Nxe4 18. Qxe4 Rfe8 19. Nd2 Rbd8 20. Nf1
Rd1 21. Qe2 Rdd8 22. Qg4 Kh8 23. b3 Bf8 24. Bb2 Kg8 25. h4 h6 26. c4 bxc4 27.
Qxc4 a5 28. Qg4 Kh7 29. h5 Kh8 30. Kh1 Kh7 31. f4 Kg8 32. f5 f6 33. Ng3 Kh8 34.
Ne4 Rd3 35. Nxf6 Re7 36. Qg6 Rd2 37. Qh7# 1-0

[Event "BayJEM19 - U10w"]
[Site "?"]
[Date "2019.04.25"]
[Round "5.3"]
[White "Hergenröder, Cora"]
[Black "Flierl, Veronika"]
[Result "1/2-1/2"]
[WhiteElo "1057"]
[BlackElo "1060"]
[PlyCount "67"]
[EventDate "2019.??.??"]
[WhiteTeam "SC 1868 Bamberg"]
[BlackTeam "SC Tarrasch 45 München"]

1. e4 e5 2. Nf3 Nc6 3. Nc3 Bc5 4. g3 d6 5. d3 h6 6. Bg2 Bg4 7. h3 Bxf3 8. Bxf3
Nf6 9. O-O O-O 10. Bd2 Nd4 11. Bg2 g6 12. Bxh6 Re8 13. Bg5 c6 14. Be3 Nh5 15.
Qd2 Qf6 16. Qd1 b5 17. a4 b4 18. Na2 a5 19. c3 Ne6 20. cxb4 axb4 21. b3 Nd4 22.
Bxd4 Bxd4 23. Rc1 c5 24. Rc2 Nxg3 25. Re1 Kg7 26. Qg4 Qf4 27. Qxf4 exf4 28. e5
dxe5 29. Bxa8 Rxa8 30. Nc1 f3 31. Kh2 Nf5 32. Kh1 Rh8 33. Kh2 g5 34. Re4
1/2-1/2

[Event "BayJEM19 - U10w"]
[Site "?"]
[Date "2019.04.25"]
[Round "5.4"]
[White "Semenchenko, Simona"]
[Black "Klonov, Sofia"]
[Result "1-0"]
[WhiteElo "990"]
[BlackElo "1117"]
[PlyCount "27"]
[EventDate "2019.??.??"]
[WhiteTeam "SC Tarrasch 45 München"]
[BlackTeam "Schachklub München Südost e.V."]

1. e4 c5 2. Nf3 Nc6 3. Bc4 g6 4. O-O Bg7 5. Ng5 e6 6. d3 h6 7. Nf3 Nge7 8. Bf4
O-O 9. Bd6 Bxb2 10. Nbd2 Bxa1 11. Qxa1 Re8 12. Qf6 Na5 13. Be5 Kf8 14. Qg7# 1-0

[Event "BayJEM19 - U10w"]
[Site "?"]
[Date "2019.04.25"]
[Round "6.2"]
[White "Flierl, Veronika"]
[Black "Bauer, Laura Sophie"]
[Result "0-1"]
[WhiteElo "1060"]
[BlackElo "1073"]
[PlyCount "60"]
[EventDate "2019.??.??"]
[WhiteTeam "SC Tarrasch 45 München"]
[BlackTeam "SK Neumarkt"]

1. e4 c5 2. Nf3 e6 3. Nc3 d5 4. g3 Nc6 5. d4 c4 6. e5 Bd7 7. Bg2 Bb4 8. O-O
Nge7 9. Bd2 O-O 10. Nh4 h6 11. Qg4 f5 12. Qh5 Be8 13. Qf3 Nxd4 14. Qd1 Bxc3 15.
bxc3 Ndc6 16. Bf4 g5 17. Nf3 gxf4 18. gxf4 Bh5 19. Qd2 Ng6 20. Qe3 Nh4 21. Kh1
Kh7 22. Rg1 Rg8 23. Nxh4 Qxh4 24. Bh3 d4 25. cxd4 Nxd4 26. Qxd4 Qxh3 27. Qd7+
Kh8 28. Rg3 Bf3+ 29. Kg1 Rxg3+ 30. fxg3 Qg2# 0-1

[Event "BayJEM19 - U10w"]
[Site "?"]
[Date "2019.04.25"]
[Round "6.3"]
[White "Klonov, Sofia"]
[Black "Jannicke, Svea"]
[Result "1-0"]
[WhiteElo "1117"]
[BlackElo "876"]
[PlyCount "109"]
[EventDate "2019.??.??"]
[WhiteTeam "Schachklub München Südost e.V."]
[BlackTeam "SC Wolfratshausen 1948 e.V."]

1. e4 c5 2. d4 cxd4 3. c3 d3 4. Bxd3 d6 5. Nf3 Nc6 6. O-O Nf6 7. Re1 a6 8. Be3
b5 9. a4 g6 10. axb5 Bb7 11. bxc6 Bxc6 12. Rxa6 Rxa6 13. Bxa6 Qc7 14. Na3 Bg7
15. Bb5 O-O 16. Bxc6 Qxc6 17. Qd4 Nxe4 18. Qb6 Qd7 19. Bh6 Bxh6 20. Rxe4 Re8
21. h3 Qf5 22. Qc6 Rc8 23. Qa6 Re8 24. Qc6 Rc8 25. Qb7 Re8 26. Rxe7 Rxe7 27.
Qxe7 Qf4 28. Qe3 Qxe3 29. fxe3 Bxe3+ 30. Kf1 Kg7 31. Ke2 Bc5 32. b4 Bb6 33. Nb5
d5 34. Nd6 Kf6 35. Kd3 Ke6 36. Nb5 h6 37. g4 f5 38. gxf5+ gxf5 39. c4 dxc4+ 40.
Kxc4 f4 41. Nbd4+ Bxd4 42. Kxd4 Kd6 43. Kc4 Kc6 44. b5+ Kb6 45. h4 h5 46. Ne5
Ka5 47. Kc5 f3 48. Nxf3 Ka4 49. b6 Ka5 50. b7 Ka4 51. b8=Q Ka3 52. Qb4+ Ka2 53.
Kc4 Ka1 54. Kc3 Ka2 55. Qb2# 1-0

[Event "BayJEM19 - U10w"]
[Site "?"]
[Date "2019.04.25"]
[Round "6.4"]
[White "Huber, Laura"]
[Black "Semenchenko, Simona"]
[Result "1-0"]
[WhiteElo "940"]
[BlackElo "990"]
[PlyCount "47"]
[EventDate "2019.??.??"]
[WhiteTeam "FC Ergolding 1932 e.V."]
[BlackTeam "SC Tarrasch 45 München"]

1. e4 e6 2. d4 d5 3. exd5 exd5 4. Bd3 Nc6 5. c3 Bd6 6. Nf3 Nf6 7. O-O O-O 8.
Bg5 h6 9. Bh4 Re8 10. Re1 Rxe1+ 11. Qxe1 Be6 12. Nbd2 a6 13. h3 Qc8 14. g4 g5
15. Bg3 b5 16. Bxd6 cxd6 17. b3 Nh7 18. Qe3 f6 19. Re1 Nd8 20. h4 Bxg4 21. Qe8+
Nf8 22. Re7 Bd7 23. Bh7+ Kh8 24. Qxf8# 1-0

[Event "BayJEM19 - U10w"]
[Site "?"]
[Date "2019.04.26"]
[Round "7.1"]
[White "Bauer, Laura Sophie"]
[Black "Frenkel, Alexandra"]
[Result "1-0"]
[WhiteElo "1073"]
[BlackElo "866"]
[PlyCount "31"]
[EventDate "2019.??.??"]
[WhiteTeam "SK Neumarkt"]
[BlackTeam "Schach-Club Vaterstetten-Grasbru"]

1. e4 b6 2. d4 Bb7 3. Nc3 Nf6 4. Bd3 e6 5. Nge2 Bb4 6. O-O d6 7. Ng3 Nbd7 8.
Re1 O-O 9. Bg5 h6 10. Bh4 g5 11. e5 dxe5 12. dxe5 Nd5 13. Qh5 Nxc3 14. Qxh6 Re8
15. Nh5 f6 16. Qg7# 1-0

[Event "BayJEM19 - U10w"]
[Site "?"]
[Date "2019.04.26"]
[Round "7.2"]
[White "Hergenröder, Cora"]
[Black "Jannicke, Svea"]
[Result "0-1"]
[WhiteElo "1057"]
[BlackElo "876"]
[PlyCount "140"]
[EventDate "2019.??.??"]
[WhiteTeam "SC 1868 Bamberg"]
[BlackTeam "SC Wolfratshausen 1948 e.V."]

1. e4 c5 2. Nf3 d6 3. d4 cxd4 4. Nxd4 Nf6 5. Nc3 a6 6. Be3 g6 7. g3 Bg7 8. Bg2
Ra7 9. Nb3 b6 10. O-O O-O 11. Rb1 e5 12. Nd5 Nxd5 13. exd5 Ra8 14. Qd2 Nd7 15.
Bh6 Bb7 16. Bxg7 Kxg7 17. Qb4 Qc7 18. c3 Nc5 19. Nxc5 Qxc5 20. Qxc5 bxc5 21.
Rbc1 Rfc8 22. b4 a5 23. bxc5 Rxc5 24. Rfd1 Ra6 25. Rb1 Ba8 26. Rd3 a4 27. a3
Raa5 28. Rbd1 f5 29. Rc1 Bxd5 30. Bxd5 Rxd5 31. Rxd5 Rxd5 32. Rb1 Kf6 33. Rb4
Rc5 34. c4 Ra5 35. Rb6 Ke6 36. Rb7 h5 37. Rg7 Kf6 38. Rd7 Ra6 39. Rc7 f4 40.
gxf4 exf4 41. Kg2 Kg5 42. c5 dxc5 43. Rxc5+ Kh4 44. Rc4 g5 45. f3 Rd6 46. Rxa4
Rd2+ 47. Kg1 Kh3 48. Ra5 Rg2+ 49. Kf1 Kxh2 50. Rb5 h4 51. a4 Ra2 52. a5 Kg3 53.
Rxg5+ Kxf3 54. Kg1 Ra1+ 55. Kh2 Ra2+ 56. Kg1 Ke4 57. Rg4 Rxa5 58. Rxh4 Rf5 59.
Kf2 Rf6 60. Kg1 Ke3 61. Rh3+ f3 62. Rg3 Ke2 63. Kh1 f2 64. Rg2 Rh6+ 65. Rh2
Rxh2+ 66. Kxh2 f1=Q 67. Kg3 Qf3+ 68. Kh2 Qg4 69. Kh1 Kf2 70. Kh2 Qg2# 0-1

[Event "BayJEM19 - U10w"]
[Site "?"]
[Date "2019.04.26"]
[Round "7.6"]
[White "Flierl, Veronika"]
[Black "Krause, Laura Kristin"]
[Result "1-0"]
[WhiteElo "1060"]
[BlackElo "1034"]
[PlyCount "77"]
[EventDate "2019.??.??"]
[WhiteTeam "SC Tarrasch 45 München"]
[BlackTeam "SC Erlangen 48/88"]

1. e4 e5 2. Nf3 Nc6 3. Bc4 Nf6 4. d3 Bc5 5. Bg5 d6 6. h3 h6 7. Bh4 Be6 8. Nc3
Qd7 9. Qd2 O-O-O 10. O-O-O g5 11. Bg3 b6 12. Ba6+ Kb8 13. a3 d5 14. Rhe1 Rde8
15. Bb5 Nh5 16. Nxe5 Qd6 17. Nxc6+ Qxc6 18. Bxc6 Rd8 19. Be5 Rdf8 20. Nb5 Rc8
21. Bd4 Bxd4 22. Nxd4 Rcd8 23. Nb5 Nf6 24. Qb4 Bd7 25. exd5 Nxd5 26. Bxd5 c6
27. Qd6+ Kb7 28. Qc7+ Ka6 29. Bxc6 Bxc6 30. Qxc6 Rc8 31. Qd5 Rc5 32. Qd6 Rhc8
33. Nd4 R8c7 34. b4 Rc3 35. b5+ Kb7 36. Qd5+ Kb8 37. Re8+ Rc8 38. Nc6+ Kc7 39.
Re7# 1-0

[Event "BayJEM19 - U12w"]
[Site "?"]
[Date "2019.04.22"]
[Round "1.1"]
[White "Köppel, Clementine"]
[Black "Prinzen, Siri Marleen"]
[Result "0-1"]
[WhiteElo "962"]
[BlackElo "1453"]
[PlyCount "84"]
[EventDate "2019.??.??"]
[WhiteTeam "ATSV Oberkotzau"]
[BlackTeam "SK Tarrasch München"]

1. e4 e5 2. Nf3 Nc6 3. d4 exd4 4. Nxd4 Bc5 5. Be3 Bb6 6. Nxc6 bxc6 7. Bxb6 axb6
8. Nc3 Ne7 9. Bc4 O-O 10. O-O Bb7 11. e5 Re8 12. Qh5 Ng6 13. Rae1 Ba6 14. Bd3
Bxd3 15. cxd3 Nf4 16. Qf5 Ne6 17. Re4 Qg5 18. Qxg5 Nxg5 19. Rg4 Ne6 20. d4 Ra5
21. a3 c5 22. dxc5 bxc5 23. a4 h5 24. b4 Rxa4 25. Nxa4 hxg4 26. bxc5 Ra8 27.
Ra1 Nxc5 28. g3 Rxa4 29. Re1 Nd3 30. Re3 Ra1+ 31. Kg2 Ne1+ 32. Kf1 Nc2+ 33. Kg2
Nxe3+ 34. fxe3 Ra2+ 35. Kg1 c5 36. h4 c4 37. Kf1 c3 38. Ke1 Ra1+ 39. Ke2 c2 40.
e6 c1=Q 41. exf7+ Kxf7 42. e4 Ra2+ 0-1

[Event "BayJEM19 - U12w"]
[Site "?"]
[Date "2019.04.22"]
[Round "1.2"]
[White "Winkler, Sarah"]
[Black "Reifschneider, Milena"]
[Result "0-1"]
[WhiteElo "1264"]
[BlackElo "961"]
[PlyCount "110"]
[EventDate "2019.??.??"]
[WhiteTeam "SK Neuburg"]
[BlackTeam "TSV Bindlach Aktionär"]

1. e4 e5 2. Nf3 Nc6 3. Bc4 Bc5 4. c3 Nf6 5. d3 h6 6. h3 d6 7. Bb3 O-O 8. Nbd2
a5 9. Nf1 a4 10. Bxa4 d5 11. Bxc6 bxc6 12. Nxe5 Qe7 13. Bf4 dxe4 14. d4 Bd6 15.
Ng3 c5 16. O-O cxd4 17. Qxd4 c5 18. Qe3 Bxe5 19. Nxe4 Bxf4 20. Qxf4 Nxe4 21.
Rfe1 Bb7 22. f3 c4 23. fxe4 Qc5+ 24. Kh1 Qb5 25. Qd2 Rad8 26. Qc2 Rde8 27. Re3
Re5 28. a3 Qc5 29. Rd1 Qxe3 30. Rd4 Bxe4 31. Qd1 Ree8 32. Rxc4 Qf2 33. Rxe4
Rxe4 34. Qf3 Qe1+ 35. Kh2 Rfe8 36. Qg3 Qd2 37. b4 Re3 38. Qg4 Qxc3 39. a4 R3e4
40. Qd7 Qxb4 41. a5 Qxa5 42. Qd1 Re2 43. Qf1 Re1 44. Qf4 Qa1 45. h4 Rh1+ 46.
Kg3 Qe1+ 47. Kf3 Rf1+ 48. Kg4 Re4 49. Qxe4 Qxe4+ 50. Kg3 f5 51. Kh3 Rh1+ 52.
Kg3 Qg4+ 53. Kf2 f4 54. h5 Qg3+ 55. Ke2 Qe3# 0-1